000 00529nam a2200193Ia 4500
005 20250317125550.0
008 008 250317s9999 xx 000 0 eng d
037 _aTextbook
040 _aFMSL
_beng
_cFMSL
041 _aeng
_2eng
084 _aX:8M L0
_qFMSL
100 _aLittlefield C L
245 0 _aOffice and administrative management
250 _a3
260 _aNew Delhi
_bNew Delhi, Prentice-Hall
_c1970
300 _a553p
942 _cTB
_hX:8M L0
999 _c1260001
_d1260001